Hot Stamping of Ultra High-Strength Steels From a Technological and Business Perspective /

Providing a comprehensive overview of hot stamping (also known as 'press hardening'), this book examines all essential aspects of this innovative metal forming method, and explores its various uses. It investigates hot stamping from both technological and business perspectives, and outline...

Full description

Bibliographic Details
Corporate Author: SpringerLink (Online service)
Other Authors: Billur, Eren (Editor, http://id.loc.gov/vocabulary/relators/edt)
Format: Electronic eBook
Language:English
Published: Cham : Springer International Publishing : Imprint: Springer, 2019.
Edition:1st ed. 2019.
Subjects:
Online Access:Full Text via HEAL-Link
LEADER 03132nam a2200505 4500
001 978-3-319-98870-2
003 DE-He213
005 20191220130319.0
007 cr nn 008mamaa
008 181005s2019 gw | s |||| 0|eng d
020 |a 9783319988702  |9 978-3-319-98870-2 
024 7 |a 10.1007/978-3-319-98870-2  |2 doi 
040 |d GrThAP 
050 4 |a TA401-492 
072 7 |a TGM  |2 bicssc 
072 7 |a TEC021000  |2 bisacsh 
072 7 |a TGM  |2 thema 
082 0 4 |a 620.11  |2 23 
245 1 0 |a Hot Stamping of Ultra High-Strength Steels  |h [electronic resource] :  |b From a Technological and Business Perspective /  |c edited by Eren Billur. 
250 |a 1st ed. 2019. 
264 1 |a Cham :  |b Springer International Publishing :  |b Imprint: Springer,  |c 2019. 
300 |a XVI, 245 p. 238 illus., 202 illus. in color.  |b online resource. 
336 |a text  |b txt  |2 rdacontent 
337 |a computer  |b c  |2 rdamedia 
338 |a online resource  |b cr  |2 rdacarrier 
347 |a text file  |b PDF  |2 rda 
505 0 |a Introduction -- Metallurgy of Steels -- History and Future Outlook of Hot Stamping -- Blank Materials -- A Hot Stamping Line -- Hot Stamping Dies -- Post Forming Operations -- Tailored Properties -- Hot Tube Forming -- Simulation/Analysis of Hot Stamping -- Economics of Hot Stamping. 
520 |a Providing a comprehensive overview of hot stamping (also known as 'press hardening'), this book examines all essential aspects of this innovative metal forming method, and explores its various uses. It investigates hot stamping from both technological and business perspectives, and outlines potential future developments. Individual chapters explore topics such as the history of hot stamping, the state of the art, materials and processes employed, and how hot stamping is currently being used in the automotive industry to create ultra-high-strength steel components. Drawing on experience and expertise gathered from academia and industry worldwide, the book offers an accessible resource for a broad readership including students, researchers, vehicle manufacturers and metal forming companies. 
650 0 |a Engineering-Materials. 
650 0 |a Metals. 
650 0 |a Manufactures. 
650 0 |a Automotive engineering. 
650 1 4 |a Materials Engineering.  |0 http://scigraph.springernature.com/things/product-market-codes/T28000 
650 2 4 |a Metallic Materials.  |0 http://scigraph.springernature.com/things/product-market-codes/Z16000 
650 2 4 |a Manufacturing, Machines, Tools, Processes.  |0 http://scigraph.springernature.com/things/product-market-codes/T22050 
650 2 4 |a Automotive Engineering.  |0 http://scigraph.springernature.com/things/product-market-codes/T17047 
700 1 |a Billur, Eren.  |e editor.  |4 edt  |4 http://id.loc.gov/vocabulary/relators/edt 
710 2 |a SpringerLink (Online service) 
773 0 |t Springer eBooks 
776 0 8 |i Printed edition:  |z 9783319988689 
776 0 8 |i Printed edition:  |z 9783319988696 
776 0 8 |i Printed edition:  |z 9783030075439 
856 4 0 |u https://doi.org/10.1007/978-3-319-98870-2  |z Full Text via HEAL-Link 
912 |a ZDB-2-ENG 
950 |a Engineering (Springer-11647)